The Iury of inquisition de jure divino : whether by divine right it is lawfull to inflict punishment upon the offending lordly bishops, yea or no.

Bibliographic Details
Format: Microform Book
Language:English
Series:Early English books, 1475-1640 ; 1899:4.
Subjects:

MARC

Tag First Indicator Second Indicator Subfields
LEADER 00000cam a2200000 a 4500
001 in00001374621
005 20151006082210.0
007 hd afv---baca
007 hd bfv---baaa
008 960318s1640 enk a 000 0 eng d
035 |a (OCoLC)34387104 
035 |9 AHJ3223AM 
037 |a CL0036000058  |b UMI, 300 N. Zeeb Rd., Ann Arbor, MI 48103-1553 
040 |a EBK  |c EBK  |d UtOrBLW 
043 |a e-uk--- 
049 |a TXAI 
090 |a BX5135  |b .I97 
099 |a film  |a B  |a 3608  |a 1899:4. 
245 0 4 |a The Iury of inquisition de jure divino :  |b whether by divine right it is lawfull to inflict punishment upon the offending lordly bishops, yea or no. 
246 3 3 |a Jury of inquisition de jure divino 
264 3 |a [London] :  |b Printed in the yeere, That Sea-Coale was exceeding deare [Eliot's Court Press],  |c 1640. 
300 |a 2 unnumbered pages, 5 pages 
336 |a text  |b txt  |2 rdacontent 
337 |a microform  |b h  |2 rdamedia 
338 |a microfilm reel  |b hd  |2 rdacarrier 
500 |a Name of publisher from STC (2nd edition). 
500 |a Signatures: A⁴. 
504 |a Includes bibliographical references in marginal notes. 
500 |a Reproduction of original in: British Library. 
510 4 |a STC (2nd ed.)  |c 14861a.5 
533 |a Microfilm.  |b Ann Arbor, Mich. :  |c UMI,  |d 1986.  |e 1 microfilm reel ; 35 mm.  |f (Early English books, 1475-1640 ; 1899:4) 
539 |a s  |b 1986  |d miu  |e n  |g a 
500 |a Microform. 
610 2 0 |a Church of England  |x Bishops  |x Controversial literature. 
650 0 |a Church and state  |z Great Britain. 
651 0 |a Great Britain  |x History  |y Puritan Revolution, 1642-1660. 
651 0 |a Great Britain  |x Church history  |y 17th century. 
830 0 |a Early English books, 1475-1640 ;  |v 1899:4. 
999 |a MARS 
999 f f |s 2ab1c83b-87bf-3ea5-b493-e7698308122b  |i e79d0ec7-6f21-3f59-bf00-9e5e69df296c  |t 0 
952 f f |p default  |a Texas A&M University  |b College Station  |c Sterling C. Evans Library  |d Evans: Microforms (3rd floor)  |t 0  |e film B 3608 1899:4.  |h Other scheme  |i microform -- microfilm reel 
998 f f |a film B 3608 1899:4.  |t 0  |l Evans: Microforms (3rd floor)